000 01856nam0a2200349 4500
001 RU\NLR\bibl\600019
005 20260407113516.0
010 _a5-902168-22-8
_9500
021 _aRU
_b2004-36050
_91807
035 _aRSL-KNO-002445405
035 _a(NLR Aleph) 000591964
090 _a1718852
_c1718852
100 _a20040625d2004 |||y0rusy50 ca
101 0 _arus
102 _aRU
105 _ay |||||||||
106 _ar
200 1 _aФантастика
_eКонкурс "Золотая чаша - 2003"
_e[итоговый сб.]
210 _aМ.
_cСоц.-полит. Мысль
_d2004
_eТип. ООО Телер
215 _a126, [2] с.
_d21
225 1 _aБиблиотека Московского КЛФ при ЦДЛ
_fМоск. клуб любителей фантастики, Центр. дом литераторов
_v8
610 0 _aФилологические науки. Художественная литература -- Российская Федерация -- Русская литература -- с сер. 50-х гг. 20 в. -- Произведения художественной литературы -- Художественная проза -- Романы. Повести. Рассказы -- Фантастические и мистические романы, повести, рассказы. Романы ужасов -- Сборники разных авторов
686 _aШ5(2=Р)75-644.5я43
_2rubbk
686 _aШ6(2=Р)75-445
712 1 2 _4570
_a"Золотая чаша - 2003", конкурс фантастических рассказов
_eМосква
_9632629
_3RU\NLR\AUTH\8810065512
801 0 _aRU
_bRuMoRKP
_c20040625
_grcr
801 1 _aRU
_bRuMoRGB
_c20040625
801 2 _aRU
_bNLR
_c20050120
_gPSBO
942 _cBOOK
980 _aNB